The Princess and the Frog: "Down in New Orleans" All lyrics - Statistics

General Stats
  • This quiz has been taken 20 times
  • The average score is 127 of 159
Answer Stats
Answer % Correct
a
100%
And
100%
and
100%
do
100%
Do
100%
down
100%
Down
100%
hear
100%
Hear
100%
In
100%
in
100%
it
100%
music
100%
New
100%
on
100%
or
100%
Orleans
100%
river
100%
that
100%
the
100%
They
100%
you
100%
You
100%
all
93%
alright
93%
always
93%
are
93%
city
93%
deliver
93%
go
93%
It's
93%
playin'
93%
pretty
93%
South
93%
there's
93%
very
93%
Way
93%
Where
93%
women
93%
come
87%
Come
87%
feel
87%
got
87%
Land
87%
some
87%
We
87%
When
87%
make
80%
Make
80%
men
80%
night
80%
through
80%
town
80%
your
80%
bad
73%
be
73%
die
73%
goin'
73%
good
73%
livin'
73%
magic,
73%
paintin'
73%
we're
73%
before
67%
day
67%
here
67%
paintbrush,
67%
sweetness
67%
what
67%
dreams
60%
Dreams
60%
happy
60%
'round
60%
sad
60%
Start
60%
time,
60%
true
60%
Catch
53%
don't
53%
Grab
53%
Hey
53%
partner,
53%
people,
53%
poor
53%
Rich
53%
shy
53%
wanna
53%
Bring
47%
I'm
47%
real
47%
saying,
47%
somebody,
47%
want,
47%
everything
40%
Get
40%
give
40%
had
40%
lose
40%
Sugar
40%
Barons
33%
Cotton
33%
homes
33%
Kings
33%
mansions
33%
Of
33%
Stately
33%
Honey,
27%
try
27%
us
20%
No matching quizzes found
Score Distribution
Percent of People with Each Score
Percentile by Number Answered
Your Score History
You have not taken this quiz